Akta Perkhidmatan Pos 1991, Akta Perkhidmatan Pos (Syarikat Pengga1 : (Record no. 4329)

000 -LEADER
fixed length control field nam a22 a 4500
003 - CONTROL NUMBER IDENTIFIER
control field AKMAL
005 - DATE AND TIME OF LATEST TRANSACTION
control field 20170529085807.0
008 - FIXED-LENGTH DATA ELEMENTS--GENERAL INFORMATION
fixed length control field 170529s1995 my 00 may d
020 ## - INTERNATIONAL STANDARD BOOK NUMBER
International Standard Book Number 9677002694 (kkt.):
Terms of availability RM 15.00
082 04 - DEWEY DECIMAL CLASSIFICATION NUMBER
Classification number 343.5950992 MAL
090 ## - LOCALLY ASSIGNED LC-TYPE CALL NUMBER (OCLC); LOCAL CALL NUMBER (RLIN)
Classification number (OCLC) (R) ; Classification number, CALL (RLIN) (NR) 343.5950992
Local cutter number (OCLC) ; Book number/undivided call number, CALL (RLIN) MAL
110 1# - MAIN ENTRY--CORPORATE NAME
Corporate name or jurisdiction name as entry element Malaysia
9 (RLIN) 400
245 10 - TITLE STATEMENT
Title Akta Perkhidmatan Pos 1991, Akta Perkhidmatan Pos (Syarikat Pengga1 :
Remainder of title semua pindaan hingga Januari, 1995 Akta 465/466 5/466 = Postal Services Act 1991, Postal Services (Successor Company) Act 1991 :
-- all amendments up to January, 1995 Act 456/466
260 ## - PUBLICATION, DISTRIBUTION, ETC.
Place of publication, distribution, etc. Kuala Lumpur :
Name of publisher, distributor, etc. MDC Penerbit Pencetak,
Date of publication, distribution, etc. 1995
300 ## - PHYSICAL DESCRIPTION
Extent iii, 118ms. ;
Dimensions 25cm
500 ## - GENERAL NOTE
General note Teks sejajar bahasa Malaysia dan Inggeris
521 ## - TARGET AUDIENCE NOTE
Target audience note Peringkat pembaca: Dewasa
650 ## - SUBJECT ADDED ENTRY--TOPICAL TERM
Topical term or geographic name entry element Postal service
General subdivision Law and legislation
Geographic subdivision Malaysia
9 (RLIN) 8433
650 ## - SUBJECT ADDED ENTRY--TOPICAL TERM
Topical term or geographic name entry element Postal rates
General subdivision Law and legislation
Geographic subdivision Malaysia
9 (RLIN) 8434
710 1# - ADDED ENTRY--CORPORATE NAME
Corporate name or jurisdiction name as entry element Malaysia.
Title of a work Akta Perkhidmatan Pos (Syarikat Pengganti) 1991, (Akta 466)
9 (RLIN) 8435
740 #2 - ADDED ENTRY--UNCONTROLLED RELATED/ANALYTICAL TITLE
Uncontrolled related/analytical title Postal Services Act, Postal Services (Successor Company) Act
942 ## - ADDED ENTRY ELEMENTS (KOHA)
Source of classification or shelving scheme
Koha item type Book
Holdings
Withdrawn status Lost status Source of classification or shelving scheme Damaged status Not for loan Collection code Home library Current library Shelving location Date acquired Inventory number Full call number Barcode Date last seen Price effective from Koha item type Public note
          NON-FICTION AKMAL Melaka AKMAL Melaka PINJAMAN 29.05.2017 305048 343.5950992 MAL 201706487 29.05.2017 29.05.2017 Book Dilupuskan.
Pusat Sumber Maklumat Dato' Haji Sarmin Md Hussin, Akademi Kastam Diraja Malaysia, Melaka
Tel: 06-2331106 | Faks: 06-2313787